1133 1705 1834 1169 1827 1070 1677 1267 1974 1158 1963 1635 1105 1843 1096 1327 1672 1121 1494 1276 1855 1994 1841 1766 1942 1992 1903 1283 1879 1270 1168 1203 1631 1346 1616 1447 1969 1001 1701 1622 1692 1547 1240 1604 1957 1093 1472 1965 1622 1227 1933 1708 1114 1710 1477 1457 1946 1764 1835 1305 1241 1916 1695 1816 1191 1555 1718 1025 1973 1646 1066 1618 1107 1198 1749 1734 1902 1704 1531 1914 1563 1847 1731 1111 1607 1152 1861 1686 1151 1912 1386 1892 1295 1884 1114 1548 1265 1958 1266 BCNSPRNW ULIB Ver.6.0+V

เปลี่ยนเป็นภาษาไทย

Change to English
 แสดงรายละเอียดบรรณานุกรม
  กลับหน้าหลัก

Brief Record : Get Marc (ISO 2709) : E-mail record : QR code < ปิดหน้าต่าง
LEADER : 00000nam 2200000uu 4500
001    13399121911
003     ULIB
008    121213s||||||||th 000 0 tha d
020    ^a9749862236
060 04 ^aWE140^bน288อ 2548
245 00 ^aOrthopaedics for medical students /^cคณะบรรณาธิการธไนนิธย์ โชตนภูติ, ดุษฏี ทัตตานนท์, ศักดิ์สม กู้เกียรตินันท์ [คณาจารย์ภาควิชาศัลยศาสตร์ออร์โธปิดิกส์ กองการศึกษาวิทยาลัยแพทยศาสตร์พระมงกุฏเกล้า]
260    ^aนนทบุรี :^bนำอักษรการพิมพ์,^c2548
300    ^a496 หน้า :^bภาพประกอบ ;^c26 ซม.
650  7 ^aศัลยกรรมกระดูก
700 0  ^aธไนนิธย์ โชตน์ภูติ,^eบรรณาธิการ
700 0  ^aศักดิ์สม กู้เกียรตินันท์,^eบรรณาธิการ
700 0  ^aดุษฏี ทัตตานนท์,^eบรรณาธิการ
945    ^p0^l0^i24263
995    ^aกัณชพร
999 ^a ใช้งานได้ทุกระบบ
รายการนี้ยังไม่มีแท็ก
คุณยังไม่ได้ล็อกอิน คุณสามารถมีกิจกรรมร่วมกับเว็บไซต์ได้ แต่ต้องล็อกอินก่อน ::
  ล็อกอิน

รายการสื่อสารสนเทศ

ลำดับที่ ประเภท เลขเรียก/บาร์โค้ด สถานที่ สถานะ
1. วิทยาศาสตร์การแพทย์ และสุขภาพ
วิทยาศาสตร์การแพทย์ และสุขภาพ
WE140 น288อ 2548  
  Barcode: 24263
ห้องสมุดวิทยาเขตสวรรค์ประชารักษ์
►หนังสือทั่วไป
ถูกยืม กำหนดส่งวันที่ 15 พฤษภาคม 2558
  จอง

รายการใกล้เคียง
    หัวเรื่อง [ศัลยกรรมกระดูก]

BibComment


ยังไม่เคยถูกคอมเมนท์

คอมเมนท์ทรัพยากรรายการนี้
  คอมเมนท์: Orthopaedics for..


 Copyright 2026. Bcnsprnw @Library